000 00397nam a2200181Ia 4500
001 1319
005 20260306143719.0
008 260306t1999||||xx |||||||||||||| ||spa||
041 _aESP
082 _a194
_bB45
100 _aBergson, Henry
_eAUT
245 0 _aIntroducción a la metafísica
260 _c1999
300 _a
_c
650 _aGEN
654 _aCHU
942 _cLIB
_dJUS
_fJUS
_2ddc
_n
999 _c1319
_d1319